Разработка программного обеспечения для распознавания объектов на видео; Технологии Microsoft в теории и практике программирования

Bibliografiske detaljer
Parent link:Технологии Microsoft в теории и практике программирования.— 2013.— [С. 37-39]
Hovedforfatter: Мороз Ю. С. Юрий Сергеевич
Andre forfattere: Тутов И. А. Иван Андреевич (научный руководитель)
Summary:Заглавие с титульного листа.
The article describes software development to recognize solid objects in a video stream by the most optimal highspeed performance method and real application of the software in robotics system.
Sprog:russisk
Udgivet: 2013
Serier:Автоматизированные системы управления и мехатроника
Fag:
Online adgang:http://www.lib.tpu.ru/fulltext/c/2013/C28/011.pdf
Format: MixedMaterials Electronisk Book Chapter
KOHA link:https://koha.lib.tpu.ru/cgi-bin/koha/opac-detail.pl?biblionumber=602961

MARC

LEADER 00000naa2a2200000 4500
001 602961
005 20260210134957.0
035 |a (RuTPU)RU\TPU\conf\99 
035 |a RU\TPU\conf\97 
090 |a 602961 
100 |a 20131113d2013 k y0rusy50 ca 
101 0 |a rus 
102 |a RU 
135 |a drcn ---uucaa 
181 0 |a i  
182 0 |a b 
200 1 |a Разработка программного обеспечения для распознавания объектов на видео  |f Ю. С. Мороз  |g науч. рук. И. А. Тутов 
203 |a Текст  |c электронный 
225 1 |a Автоматизированные системы управления и мехатроника 
300 |a Заглавие с титульного листа. 
330 |a The article describes software development to recognize solid objects in a video stream by the most optimal highspeed performance method and real application of the software in robotics system. 
337 |a Adobe Reader 
463 1 |0 (RuTPU)RU\TPU\conf\40  |t Технологии Microsoft в теории и практике программирования  |o сборник трудов X Всероссийской научно-практической конференции студентов, аспирантов и молодых ученых, г.Томск, 19-20 марта 2013 г.  |f Национальный исследовательский Томский политехнический университет (ТПУ), Институт кибернетики ; ред. кол. А. В. Лиепиньш и др.  |v [С. 37-39]  |d 2013 
610 1 |a электронный ресурс 
610 1 |a труды учёных ТПУ 
610 1 |a программное обеспечение 
610 1 |a распознавание 
610 1 |a видео 
610 1 |a компьютерное зрение 
610 1 |a робототехника 
700 1 |a Мороз  |b Ю. С.  |g Юрий Сергеевич 
702 1 |a Тутов  |b И. А.  |g Иван Андреевич  |4 727 
801 2 |a RU  |b 63413507  |c 20230517  |g RCR 
856 4 |u http://www.lib.tpu.ru/fulltext/c/2013/C28/011.pdf 
942 |c BK